Fuzzy sets and systems an international journal
Guardado en:
| Formato: | Seriadas |
|---|---|
| Lenguaje: | inglés |
| Publicado: |
Amsterdam
North-Holland
1985
|
| Etiquetas: |
Sin Etiquetas, Sea el primero en etiquetar este registro!
|
MARC
| LEADER | 00000nas2a2200000 4500 | ||
|---|---|---|---|
| 001 | s106017 | ||
| 005 | 20250730114158.4 | ||
| 041 | 0 | |a eng | |
| 044 | |a NL | ||
| 245 | 1 | 0 | |a Fuzzy sets and systems an international journal |
| 264 | 1 | |a Amsterdam |b North-Holland |c 1985 | |
| 300 | |a 3 zv. | ||
| 773 | 0 | |w eu_un_cat*s120714 | |